000 00430nam a2200181Ia 4500
001 1504
005 20260306143733.0
008 260306t2009||||xx |||||||||||||| ||spa||
041 _aESP
082 _a150.287
_bS25
100 _aSantisteban Requena, Carmen
_eAUT
245 0 _aPrincipios de psicometrĂ­a
260 _c2009
300 _a451 páginas :
_c23 cm.
650 _aGEN
654 _aCPS
942 _cLIB
_dJUS
_fJUS
_2ddc
_n
999 _c1504
_d1504